Responses for Show #4902 - Tuesday, December 27, 2005

Contestants

[<< previous game]

Sharon Dorsey, a mail carrier from Reading, Pennsylvania

Rex Babiera, a learning consultant from Chicago, Illinois

Peter Rubin, a journalist from Brooklyn, New York (whose 2-day cash winnings total $27,400)

[next game >>]

Jeopardy! Round responses

THE EARLY 1800s
LOVE, HOLLYWOOD STYLE
A CAPITAL QUICKIE
YOU'RE TOYING WITH ME!
FOOD FOR THOUGHT
SEE "EO"s
    $200 26
a battery

Peter
    $200 12
Tom Cruise & Katie Holmes

Peter
    $200 2
Switzerland

Peter
    $200 1
Play-Doh

Rex
    $200 17
pig

Sharon
    $200 7
cameo

Rex
    $400 27
(Rex: Who is John Jay?)
(Sharon: Who is Tawney?)

John Marshall

RexSharon
Triple Stumper
    $400 13
Paris Hilton

Sharon
    $400 3
Uruguay

Peter
    $400 22
(Peter: What is a cigarette?)

his pipe

PeterSharon
    $400 18
(Sharon: What are shrimp?)

eggs

PeterSharon
    $400 8
galleon

Rex
    $600 28
(Edward) Jenner

Rex
    $600 14
(Peter: Uh, I'm ashamed...)

Renée Zellweger

Peter
    $600 4
Sri Lanka

Rex
    $600 23
Buzz Lightyear

Sharon
    $600 19
mustard seeds

Peter
    $600 9
dungeon

Rex
    $800 29
(Rex: Who is D.H. Lawrence?)
(Sharon: Who is Baudelaire?)

the Marquis de Sade

RexSharon
Triple Stumper
    $800 15
Jesse James

Peter
    $800 5
(Sharon: What is Yugoslavia?)
(Peter: What is Serbia?)

Croatia

PeterRexSharon
    $800 24
Barbie

Peter
    $800 20
Mazola

Peter
    $800 10
Creole

Sharon
    $1,200 30
(Rex: What is Dover?)
(Alex: You've heard of the famous
[*] marbles, Lord [*],
the Earl of [*].)

Elgin

Rex
    $1000 16
(Alex: And this fine poker-playing actress is [*].)

Jennifer Tilly

Triple Stumper
    $1000 6
(Alex: The capital of [*] on the coast of Africa.)

Eritrea

Triple Stumper
    $1000 25
a ventriloquist

Peter
    $1000 21
kidney beans

Peter
    $1000 11
Aeolus

Sharon

Scores at the first commercial break (after clue 16):

Peter Rex Sharon
$1,400 $2,800 $1,400

Scores at the end of the Jeopardy! Round:

Peter Rex Sharon
$5,800 $1,000 $1,000

Double Jeopardy! Round responses

THE WINTER PALACE
MUSICAL THEATRE
WORD LORE
FICTIONAL CHARACTERS
BIBLICAL CROSSWORD CLUES "E"
CEOs
    $400 26
Shook the World

Peter
    $400 9
Sunset Boulevard

Rex
    $400 6
nuclear

Rex
    $400 20
Jim

Peter
    $400 15
Exodus

Peter
    $400 1
Bill Gates

Peter
    $800 27
griffins

Peter
    $800 10
(Peter: What is Chicago?)
(Sharon: What is Damn Yankees?)

Sweet Charity

PeterRexSharon
    $800 7
glamour

Peter
    $800 23
(Peter: What is an artist?)
(Sharon: [*]--what is "A Portrait of [*]"?)

a Lady

PeterSharon
    $800 16
Euphrates

Peter
    $800 2
Capital One

Rex
    $1200 28
the Duma

Triple Stumper
    $1200 11
George M!

Sharon
    $1200 8
ambidextrously

Rex
    $1200 21
Holly Golightly

Rex
    $1200 17
Endor

Sharon
    $1200 3
International Telephone & Telegraph

Peter
    $1600 29
Alexander II

Triple Stumper
    $2,000 12
Sweeney Todd

Sharon
    $1600 13
mall

Rex
    $1600 22
Oedipus Rex

Rex
    $1600 18
Esther

Sharon
    $1600 4
IBM

Sharon
    $2000 30
the Jordan (Staircase)

Rex
    $2000 14
Menopause The Musical

Rex
    $3,400 25
(Alex: You don't seem all that happy.)
(Sharon: Oh, my.)
(Alex: Does it make it tougher knowing you're the only one who's going to deal with the clue?)
(Sharon: Yeah, in a way. How about $3,400, please?)
...
(Sharon: I'll say... Warsaw.)

Prague

Sharon
    $2000 24
(Sharon: Who is Hess?)

Thomas Mann

Sharon
Triple Stumper
    $2000 19
Elizabeth

Triple Stumper
    $2000 5
(John "Jack") Welch

Peter

Scores at the end of the Double Jeopardy! Round:

Peter Rex Sharon
$11,400 $13,000 $3,200

[wagering suggestions for these scores]

Final Jeopardy! Round responses

INVENTORS
(Alex: ...who invented bifocals. Now, of course, we have progressives.)
SharonWho is Ben Franklin?
$3,000
PeterWho was Benjamin Franklin?
$8,200
RexWho is Ben Franklin?
$9,900
Benjamin Franklin

Final scores:

Peter Rex Sharon
$19,600 $22,900 $6,200
2nd place: $2,000 New champion: $22,900 3rd place: $1,000

Game dynamics:

Coryat scores:

Peter Rex Sharon
$11,400 $14,200 $6,200
21 R,
4 W
17 R,
3 W
(including 1 DD)
12 R
(including 1 DD),
7 W
(including 1 DD)

Combined Coryat: $31,800

[game clues] [game scores] [suggest correction]

Game tape date: 2005-10-18
The J! Archive is created by fans, for fans. Scraping, republication, monetization, and malicious use prohibited; this site may use cookies and collect identifying information. See terms. The Jeopardy! game show and all elements thereof, including but not limited to copyright and trademark thereto, are the property of Jeopardy Productions, Inc. and are protected under law. This website is not affiliated with, sponsored by, or operated by Jeopardy Productions, Inc. Join the discussion at JBoard.tv.